Comparative analysis of policies applied to ethnic minorities in Slovakia and the USA

Autorka sa v príspevku venuje komparatívnej analýze riešenia problému etnických menšín Rómov na Slovensku a Afro-Američanov v Spojených štátoch amerických na politickej úrovni. Kým hnutie za rovnoprávnosť v USA pomohlo Afro-Američanom emancipovať sa v každom smere, pád komunizmu v bývalom Českoslov...

Ausführliche Beschreibung

Gespeichert in:
Bibliographische Detailangaben
1. Verfasser: Ivančová, Ladislava, 1980-
Format: Buchkapitel
Sprache:Englisch
Schlagworte:
Tags: Tag hinzufügen
Keine Tags, Fügen Sie das erste Tag hinzu!

MARC

LEADER 00000nla a2200000 4500
001 0161203
005 20240502072810.7
041 0 |a eng 
044 |a SK 
245 1 0 |a Comparative analysis of policies applied to ethnic minorities in Slovakia and the USA  |c Ladislava Ivančová 
520 |a Autorka sa v príspevku venuje komparatívnej analýze riešenia problému etnických menšín Rómov na Slovensku a Afro-Američanov v Spojených štátoch amerických na politickej úrovni. Kým hnutie za rovnoprávnosť v USA pomohlo Afro-Američanom emancipovať sa v každom smere, pád komunizmu v bývalom Československu a nekoncepčná politika zo strany vlád uvalila Rómov do nebezpečnej priepasti chudoby. 
610 2 0 |a etnikum 
610 2 0 |a menšiny národnostné 
610 2 0 |a Rómovia 
610 2 0 |a asimilácia 
610 2 0 |a Slovensko 
610 2 0 |a černosi 
610 2 0 |a USA 
100 1 |a Ivančová, Ladislava, 1980-